00527 2200193 4500001002100000005001500021008004100036020002200077035001900099041000700118082001100125090001700136100003800153245004600191250001000237260004600247300003100293650000900324INLIS00000000001371820241224114617241224||||||||| | ||| |||| || |  a978-979-22-4200-3 0010-1224013718 aid0 a306.81 a306.81 MOH k0 amohamad monib dan ahmad nurcholis00akado cinta bagi pasangan nikah beda agama aCet.2 aJakartabPT. Gramedia Pustaka Utamac2009 a278 hlm, ; 20 cm x 13,5 cm 0aKado